LEADER 01588nam a2200361 a 4500
001 c000160744
003 CARM
005 19920319000000.0
008 860617s1986 acab b 000 0 eng d
019 1 |a 4607676  |5 LACONCORD2021 
020 |a 0867848049  |b :  |c price unknown 
020 |a 0867847816  |b (set) :  |c $5.00 Aust. 
035 |a (OCoLC)29320084  |5 LACONCORD2021 
040 |a ANB  |b eng  |c ANB  |d SFU 
042 |a anuc 
043 |a u-at--- 
082 0 4 |a 016.36219892  |2 20 
100 1 |a Quiggin, Pat,  |d 1931- 
245 1 0 |a Child survival bibliography project :  |b Australian manual /  |c Pat Quiggin, Irawati Singarimbun. 
260 |a Canberra :  |b International Population Dynamics Program, Dept. of Demography, Australian National University,  |c 1986. 
300 |a 64 p. :  |b map ;  |c 25 cm. 
504 |a Bibliography: p. 59-64. 
650 0 |a Pediatrics  |x Research  |z Australia  |x Directories. 
650 0 |a Medical education  |z Australia  |x Directories. 
650 0 |a Child health services  |z Australia  |x Data processing. 
650 0 |a Child health services  |x Library resources. 
650 0 |a Child health services  |z Australia  |x Bibliography. 
700 1 |a Singarimbun, Irawati,  |d 1935- 
710 2 |a Australian National University.  |b International Population Dynamics Program. 
710 2 |a Australian National University.  |b Child Survival Bibliography Project. 
852 8 |b CARM  |h A2:AL23E0  |i C05299  |p 0211765  |f BK 
999 f f |i 943fa297-9bcd-59c9-a33b-3b22610d1a92  |s be838298-41c3-5b61-8038-289d84ed2164 
952 f f |p Can circulate  |a CAVAL  |b CAVAL  |c CAVAL  |d CARM 1 Store  |e C05299  |f A2:AL23E0  |h Other scheme  |i book  |m 0211765